000 00766nam a2200265Ia 4500
003 OSt
005 20220924120102.0
006 a|||||r|||| 00| 0
007 ta
008 220923b |||||||| |||| 00| 0 urd d
020 _a8189506153 (hbk)
020 _c250
024 _a285038
037 _b4315, 19/11/2014, Kitabi Duniya
_cTextual
040 _aARTS
_cARTS
_burd
041 _2urd
_aurd
082 _aO168,3NIB:g, Q4
100 _aAhmad Uzair
_9180708
245 0 _aIbne kanwal bahaisiyat afsana nigaar
260 _aDelhi
_bKitabi Duniya India
_c2014
300 _a176p.
_ccm.
650 _aURDU LITERATURE
942 _hO168,3NIB:g, Q4
_cTEXL
_2CC
999 _c401163
_d401163